Housing for the many (Record no. 116186)

MARC details
000 -LEADER
fixed length control field 00966cam a22002415a 4500
001 - CONTROL NUMBER
control field L160068
008 - FIXED-LENGTH DATA ELEMENTS--GENERAL INFORMATION
fixed length control field 180516s2018 xxk f 000 0 eng d
035 ## - SYSTEM CONTROL NUMBER
System control number (Sirsi) u160068
041 0# - LANGUAGE CODE
Language code of text/sound track or separate title eng
110 2# - MAIN ENTRY--CORPORATE NAME
Corporate name or jurisdiction name as entry element Labour Party
9 (RLIN) 1611
245 00 - TITLE STATEMENT
Title Housing for the many
Remainder of title A Labour party green paper
Medium [electronic resource]
260 ## - PUBLICATION, DISTRIBUTION, ETC.
Place of publication, distribution, etc. London
Name of publisher, distributor, etc. Labour Party
Date of publication, distribution, etc. 2018
520 ## - SUMMARY, ETC.
Summary, etc. Outlines the Labour Party's plans for affordable housing including a target of 100, 000 new homes to be built a year. Argues that 'affordability' should be linked to income rather than market prices.
590 ## - LOCAL NOTE (RLIN)
Local note NTK
650 24 - SUBJECT ADDED ENTRY--TOPICAL TERM
Topical term or geographic name entry element AFFORDABILITY
650 24 - SUBJECT ADDED ENTRY--TOPICAL TERM
Topical term or geographic name entry element SOCIAL HOUSING
650 24 - SUBJECT ADDED ENTRY--TOPICAL TERM
Topical term or geographic name entry element COUNCIL HOUSING
651 #4 - SUBJECT ADDED ENTRY--GEOGRAPHIC NAME
Geographic name United Kingdom
Chronological subdivision
690 ## - LOCAL SUBJECT ADDED ENTRY--TOPICAL TERM (OCLC, RLIN)
Topical term or geographic name as entry element Affordable housing
9 (RLIN) 6215
690 ## - LOCAL SUBJECT ADDED ENTRY--TOPICAL TERM (OCLC, RLIN)
Topical term or geographic name as entry element Residential property
9 (RLIN) 6266
856 40 - ELECTRONIC LOCATION AND ACCESS
Uniform Resource Identifier <a href="https://www.labour.org.uk/wp-content/uploads/2018/04/Housing-for-the-Many-final.pdf">https://www.labour.org.uk/wp-content/uploads/2018/04/Housing-for-the-Many-final.pdf</a>
Public note View the item free of charge from www.labour.org.uk.
942 ## - ADDED ENTRY ELEMENTS (KOHA)
Suppress in OPAC 0
Holdings
Withdrawn status Lost status Source of classification or shelving scheme Damaged status Not for loan Home library Current library Shelving location Date acquired Total Checkouts Full call number Barcode Date last seen Copy number Price effective from Koha item type
    Dewey Decimal Classification     Virtual Virtual Online 16/05/2018   ONLINE PUBLICATION 160068-2001 06/08/2019 1 06/08/2019 Book